[Event "Mondariz zt 1.1"]
[Site "Mondariz"]
[Date "2000.09.13"]
[Round "10"]
[White "David, Alberto"]
[Black "Plaskett, H James"]
[Result "1-0"]
[WhiteElo "2487"]
[BlackElo "2525"]
[Annotator "Ftacnik,L"]
[PlyCount "69"]
[EventDate "2000.09.03"]
[EventType "swiss"]
[EventRounds "11"]
[EventCountry "ESP"]
[SourceTitle "CBM 079"]
[Source "ChessBase"]
[SourceDate "2000.11.21"]
[SourceVersion "1"]
[SourceVersionDate "2000.11.21"]
[SourceQuality "1"]

1. e4 c5 2. Nf3 e6 3. d4 cxd4 4. Nxd4 Nc6 5. Nc3 Qc7 6. Be2 a6 7. O-O Nf6 8.
Be3 Be7 9. f4 d6 10. Kh1 O-O 11. Qe1 Bd7 12. Qg3 Kh8 13. Nf3 b5 (13... Nb4 14.
Bd3 (14. Rac1 d5 15. exd5 (15. e5 Ne4 16. Nxe4 dxe4 17. Ng5 Nxa2 18. Rcd1 Nb4
19. Qh3 Bxg5 20. fxg5 Bb5 {1/2-1/2 Kucera,T-Nizamov,I/Tatranska Lomnica/ 1997/
(33)}) 15... Nbxd5 16. Nxd5 Nxd5 17. Bd4 f6 18. Ne5 Be8 19. Nd3 Rd8 20. Qf2 b5
{0-1 Prandstetter,E-Gross,S/Trnava/1980/ (37)}) (14. e5 dxe5 15. fxe5 Nfd5 16.
Bg5 f6 17. Nxd5 Nxd5 18. c4 fxg5 19. cxd5 exd5 20. Nxg5 Bf5 21. Bd3 Bxg5 22.
Rxf5 Rxf5 23. Bxf5 {1-0 Varavin,V-Shestoperov,A/Smolensk/1991/ (34)}) 14... b5
(14... Nh5 15. Qh3 Nxf4 16. Bxf4 e5 17. Qg3 exf4 18. Qxf4 Be6 19. a3 Nxd3 20.
cxd3 Qb6 21. Qd2 Rac8 {0-1 Urzica,A-Padevsky,N/Pula/1975/ (41)}) (14... Bb5 15.
Rad1 d5 16. Bd4 dxe4 17. Nxb5 axb5 18. Bxe4 Nc6 19. Bxc6 Qxc6 20. c3 Rxa2 21.
Ne5 {1/2-1/2 Ivanovic,B-Antic,D/Kladovo/1992/ (63)}) (14... Nxd3 15. cxd3 b5
16. e5 $1 Ne8 17. Bd4 Bc6 18. Rae1 Rd8 19. Ne4 dxe5 20. fxe5 b4 21. Qf2 Qb7 22.
Bc5 {1-0 Van den Doel,E-Nijboer,F/Rotterdam/1999/ (36)}) 15. e5 Nh5 16. Qh3
Nxd3 17. cxd3 g6 18. g4 Ng7 19. Ne4 dxe5 20. fxe5 Bc6 21. Nf6 Bxf6 22. exf6 Ne8
23. Kg1 {1-0 Dely,P-Damjanovic,M/Sarajevo/1964/ (30)}) (13... Be8 14. Qh3 Bd7
15. a3 b5 16. Bd3 e5 17. f5 Na5 18. Ng5 Bc6 19. Nd5 Bxd5 20. exd5 Nc4 21. Nxh7
Nxh7 22. f6 {1-0 Pinkas,K-De Boer,G/Myslowice 1985/EXT 2001 (56)}) (13... Rac8
14. e5 Ne8 15. Rad1 f6 16. exf6 Nxf6 17. Nd4 Nb4 18. a3 Nbd5 19. Nxd5 Nxd5 20.
Bd3 {1-0 Velimirovic,D-Valiente,C/Thessaloniki/1988/ (55)}) (13... e5 14. Nd5
Nxd5 15. exd5 Nb4 16. fxe5 Nxd5 17. Bd4 f6 18. exf6 Bxf6 19. Bd3 Rae8 20. Rae1
Bc8 21. Rxe8 Rxe8 22. Ng5 {1-0 Ilincic,Z-Plachetka,J/Prague/1989/ (27)}) 14. e5
Ne8 15. Bd3 (15. Rad1 f5 16. exf6 Nxf6 17. Ng5 h6 18. Qh3 e5 19. f5 Rad8 20.
Bh5 Kg8 21. Bg6 Nb4 22. Nh7 Nxh7 23. Bxh6 {1-0 Plaskett,J-Mestel,A/Ayr/1978/ 
(31)}) 15... f5 $6 {A dubious strategical decision, since the kingside
structure will be unpleasantly weak.} (15... Nb4 $5 16. Nd4 Nxd3 17. cxd3 $13)
16. exf6 Nxf6 (16... gxf6 17. f5 $16) (16... Bxf6 17. Ng5 $40) 17. Ng5 Nb4 (
17... h6 18. Nf3 $40) 18. Bd4 $1 Nxd3 (18... h6 $2 19. Nh7 Rg8 20. Nxf6 Bxf6 (
20... gxf6 21. Qh4 Kg7 22. f5 $18) 21. Qg6 $1 Nxd3 22. Bxf6 $18) 19. Qxd3 Qc4 (
19... g6 20. Rae1 $18) 20. Qxc4 bxc4 21. Nxe6 $5 {This move might objectively
be inferior to the conservative 21.Rae1, but the ensuing position is very
interesting.} (21. Rae1 e5 22. fxe5 dxe5 23. Rxe5 Rae8 24. Rxe7 Rxe7 25. Bc5
$16) 21... Bxe6 22. Rae1 Bf5 (22... Rae8 23. Rxe6 Kg8 24. Rfe1 $18) 23. Rxe7 h5
(23... Bxc2 24. g4 Rab8 25. f5 $1 (25. g5 Nh5 26. Nd5 Rbe8 27. Rfe1 Rxe7 28.
Rxe7 Bg6 29. Kg1 Bf7 30. Ne3 Nxf4 31. Nf5 $14) 25... Rxb2 (25... h6 26. h4 (26.
Rf2 Rxb2 (26... Bd3) 27. Bxf6 Rxf6 28. Ree2 $18) 26... Rxb2 27. g5 hxg5 28.
hxg5 Nh5 29. f6 gxf6 30. Rf2 Ng3+ 31. Kg1 Nf5 32. Bxf6+ Kg8 33. Ree2 $16) 26.
g5 Nh5 27. f6 gxf6 28. gxf6 Rbb8 29. f7+ Ng7 30. Nd5 $16) 24. Rfe1 (24. Rf2
Rae8 $14) 24... Bxc2 25. R1e3 Kg8 (25... Rab8 26. Rg3 $1 Ne8 (26... Rxb2 27.
Rgxg7 $18) 27. Nd5 Kh7 28. Kg1 $16) 26. Nd5 $1 (26. Rg3 Ne8 27. Bxg7 Nxg7 28.
Rgxg7+ Kh8 29. Rg5 Rxf4 30. Rxh5+ Kg8 31. h3 Rb8 $13) 26... Rf7 (26... Nxd5 27.
Rxg7+ Kh8 28. Ra7+ Nf6 29. Bxf6+ $18) 27. Nxf6+ gxf6 28. R7e6 {[%mdl 128] The
rooks can become very unpleasant in attacking positions with opposite coloured
bishops.} d5 (28... Kg7 29. Rxd6 $16) 29. Bxf6 d4 30. Rg3+ (30. Bxd4 $6 Rxf4
31. Rg3+ Kf7 32. Rd6 Rf1+ 33. Bg1 Rb8 $13) 30... Kh7 (30... Kf8 31. Be5 $1 (31.
Bxd4 Rxf4 32. Rf3 Rxf3 33. gxf3 Bb1 34. a3 Bd3 $16) 31... Rd8 32. Bd6+ Rxd6 33.
Rxd6 Rxf4 34. Rf3 $18) 31. Rg5 $1 d3 (31... Rd7 32. Rxh5+ Kg6 33. g4 Kf7 34. f5
Raa7 35. Bxd4 $18) 32. Rxh5+ Kg6 33. Rg5+ Kh7 (33... Kh6 34. Re3 $18) 34. Bc3
Bd1 (34... Rxf4 35. Rg7+ Kh8 36. Rh6#) 35. Re3 1-0

[Event "EU-ch 2nd"]
[Site "Ohrid"]
[Date "2001.06.04"]
[Round "4"]
[White "Nijboer, Friso"]
[Black "Arbakov, Valentin"]
[Result "1-0"]
[WhiteElo "2580"]
[BlackElo "2491"]
[Annotator "Ftacnik,L"]
[PlyCount "69"]
[EventDate "2001.06.01"]
[EventType "swiss"]
[EventRounds "13"]
[EventCountry "YUG"]
[SourceTitle "CBM 084"]
[Source "ChessBase"]
[SourceDate "2001.09.13"]
[SourceVersion "1"]
[SourceVersionDate "2001.09.13"]
[SourceQuality "1"]

1. e4 {Hecht} c5 2. Nf3 d6 3. d4 cxd4 4. Nxd4 Nf6 5. Nc3 e6 6. Be2 a6 7. O-O
Qc7 8. f4 Be7 9. Be3 Nc6 10. Qe1 O-O 11. Qg3 Bd7 12. Rad1 Nxd4 13. Bxd4 Bc6 14.
Bf3 Rad8 15. Rfe1 b5 16. Nd5 exd5 17. exd5 Ba8 18. Rxe7 Qxe7 19. Re1 Qxe1+ (
19... Qc7 20. Bxf6 g6 21. Bxd8 Rxd8 22. Qf2 $16) 20. Qxe1 Nxd5 21. f5 $1 {
[%mdl 8] Nijboer must have been digging in this lively line, since he comes up
with a very interesting improvement.} (21. Qd2 Ne7 22. Bxa8 Rxa8 23. Bb6 Rfe8
24. h3 d5 25. Bc5 {1/2-1/2 Bielczyk,J-Schmidt,W/Slupsk/1978/ (25)} (25. Bc5
Rac8 26. Bxe7 Rxe7 27. Qxd5 Re2 $11)) 21... Nc7 (21... Rd7 22. Qa5 Nc7 23. Bxa8
Rxa8 24. Qc3 Ne8 25. Qc6 Rdd8 26. c3 $14) (21... Rfe8 22. Qd2 Nc7 (22... Ne7 $2
23. Qg5 $18) 23. Bxa8 Nxa8 (23... Rxa8 24. Qg5 $18) 24. f6 $1 $16) 22. Bxa8
Rxa8 (22... Nxa8 23. Qa5 Rfe8 24. Qxa6 $16) 23. Bxg7 $1 (23. Qg3 f6 24. Qxd6
Rfd8 25. Qxc7 Rxd4 $14) (23. Qe7 Nd5 24. Qxd6 Rfd8 25. Qe5 Nf6 $14) 23... Kxg7
24. Qc3+ f6 (24... Kg8 25. Qxc7 Rfc8 26. Qb7 $16) 25. Qxc7+ {Hecht: '[#] Weiß
benutzt die Mehrheit am Königsflügel zur Einengung des schwarzen Königs und
Lahmlegung der Türme. Anschließend marschiert ein Freibauer am Damenflügel. '}
Kh8 {'?!' Hecht.} (25... Rf7 26. Qxd6 $16 Raa7) (25... Kh6 $6 {Hecht} 26. Qxd6
Kg5 27. Qe6 Rfe8 28. Qf7 Kxf5 29. Qxh7+ {ist nicht besser}) 26. Qxd6 {White is
two pawns up and the rest of black pawns is quite weak.} a5 27. h4 b4 (27...
Rad8 28. Qb6 $18) 28. h5 Kg7 (28... Rad8 29. Qc5 (29. Qe7 {Hecht} Rde8 30. Qc5
Rg8 31. Qxa5 Re2 32. Kf1 Rexg2 33. Qb6 $18) 29... Rg8 30. Qb6 $18) (28... h6 {
Hecht} 29. c4 Rac8 30. Kf2 Rf7 31. b3 Re8 32. Qd5) 29. Qg3+ Kh8 (29... Kh6 30.
Qf4+ Kg7 (30... Kxh5 31. g3 $1 Rad8 32. Qh4#) 31. h6+ $18) (29... Kf7 {Hecht}
30. Qc7+ Kg8 31. h6 Rf7 {siehe Partie}) 30. h6 Rf7 31. Qd6 Kg8 32. c4 bxc3 33.
bxc3 a4 (33... Rc8 34. c4 Rxc4 35. Qd8+ Rf8 36. Qd5+ $18) 34. c4 a3 35. c5 (35.
c5 Rc8 (35... Raa7 {Hecht} 36. Qb8+ {[%csl Ra7]}) 36. c6 Kh8 (36... Rcc7 {Hecht
} 37. Qd8+ {[%csl Rc7]}) (36... Rfc7 {Hecht} 37. Qxf6 {[%csl Rg7]}) (36... Rff8
{Hecht} 37. Qd7 {[%csl Rc8,Rg7]}) 37. Qxa3 $18 (37. Kf2 {[%cal Gf2b6,Gc6c7]
Hecht})) 1-0

[Event "USA-ch"]
[Site "Modesto"]
[Date "1995.??.??"]
[Round "11"]
[White "Gurevich, Dmitry"]
[Black "Wolff, Patrick G"]
[Result "0-1"]
[WhiteElo "2525"]
[BlackElo "2565"]
[Annotator "Ftacnik,L"]
[PlyCount "120"]
[EventDate "1995.11.??"]
[EventType "tourn"]
[EventRounds "13"]
[EventCountry "USA"]
[EventCategory "12"]
[SourceTitle "CBM 051"]
[Source "ChessBase"]
[SourceDate "1996.04.01"]
[SourceVersion "1"]
[SourceVersionDate "1996.04.01"]
[SourceQuality "1"]

1. Nf3 c5 2. e4 d6 3. d4 cxd4 4. Nxd4 Nf6 5. Nc3 a6 6. a4 Nc6 7. Be2 e6 8. O-O
Be7 9. Be3 O-O 10. f4 Qc7 11. Kh1 Re8 12. Bf3 Rb8 13. g4 Nd7 (13... Nxd4 14.
Bxd4 e5 15. fxe5 dxe5 16. Ba7 Ra8 17. g5 Rd8 18. Qe2 Rxa7 19. gxf6 Bxf6 20. Nd5
$13) (13... e5 14. Nf5 Bxf5 15. exf5 exf4 16. Bxf4 h6 17. Bg2 Ne5 18. h3 Qc5
19. Qc1 Bf8 20. g5 hxg5 21. Bxg5 Nc4 22. Bxf6 gxf6 23. Nd5 {1-0 Riemersma,
L-Belkhodja,S/Amsterdam OHRA-B(06)/ 1987 (32)}) 14. g5 Nxd4 (14... Bf8 15. Bg2
g6 (15... Na5 16. Rf3 (16. Bg1 b6 17. Qh5 g6 18. Qh3 Bg7 19. Rad1 Nc6 20. Ndb5
$1 axb5 21. Nxb5 Qd8 22. Nxd6 Rf8 23. e5 {1-0 Sokolov,A-Jansa,V/Dubai olm/1986
(38)}) 16... Nc4 17. Bc1 e5 18. Nf5 exf4 19. Bxf4 Nce5 20. Rh3 {Gluzman,
M-Arbakov,V/Sibenik/1990 (28)}) 16. Rf3 $1 (16. Qe2 b6 17. Rad1 Bb7 18. Qf2 Ba8
$13 {Silva,S-Mokry,K/Dubai olm/1986/}) (16. Qe1 b6 (16... Nxd4 17. Bxd4 b5 18.
axb5 axb5 19. Qh4 b4 20. Rf3 h6 21. gxh6 Kh7 22. f5 Ne5 23. Bxe5 dxe5 24. fxg6+
fxg6 25. Raf1 Be7 26. Rf7+ Kh8 27. Qg4 g5 28. Qh5 {1-0 Tiviakov,S-Ginting,N/
Gausdal AC (04)/1992}) 17. Nxc6 Qxc6 18. Bd4 b5 19. axb5 axb5 20. Qf2 Bb7 21.
Rae1 b4 22. f5 exf5 {1/2-1/2 Kovalev,A-Sokolov,A/Clichy op (07)/1991}) 16...
Bg7 17. Rh3 Nb6 $5 18. Nde2 Nc4 19. Bc1 d5 20. b3 $1 {1-0 Fishbein,A-Dorfman,I/
New York/1989 (42)}) 15. Qxd4 (15. Bxd4) 15... b6 16. Bg2 Bb7 17. f5 Ne5 18.
Rad1 (18. Qxb6 $6 Qxb6 19. Bxb6 Ba8 20. a5 Bxg5 $15) 18... Bc6 19. f6 Bf8 20.
fxg7 Bxg7 $5 (20... Kxg7 21. Rf2 $13) 21. Qxd6 Qxd6 22. Rxd6 Rbc8 {Wolff have
cleverly survived the opening, after P sacrifice he is enjoying nice
counterplay against a4,b2,c3,c4 squares.} (22... Nc4 23. Rxc6 Nxe3 24. Rf3 Nxc2
25. Rc7 $14) 23. Rb1 Nc4 24. Rd3 Red8 $1 (24... Bxc3 25. Rxc3 Nxe3 26. Rxe3
Bxa4 27. b3 $10) 25. Bf4 Rxd3 26. cxd3 Nxb2 27. Rxb2 Bxc3 28. Rxb6 a5 $1 29.
Bd6 Bxa4 $15 30. h4 Bc2 31. Bf1 Bd4 32. Ra6 a4 33. e5 Kg7 34. Bg2 h6 $1 35. Be4
{White is gighting for the survival, since a4P is quite dangerous.} (35. gxh6+
Kxh6 36. Kh2 Rc3 37. Be4 Bd1 $15) 35... hxg5 36. hxg5 Rh8+ 37. Kg2 Rh5 38. Be7
Bxe5 39. Rc6 Bb3 40. Rc5 Bd4 41. Rc8 (41. Bf6+ Bxf6 42. gxf6+ Kh6 43. Rc7 e5
$17) 41... f5 $8 (41... Rh8 $2 42. Bf6+ $18) 42. gxf6+ Bxf6 43. Bxf6+ Kxf6 44.
Ra8 Rc5 (44... Ke5 $2 45. Ra5+) 45. Kf3 Rc1 46. Ke3 e5 (46... Ke5 47. Ra5+ Kd6
48. Ra6+ Kd7 49. Kd4) (46... Ra1 47. Kd4 a3 48. Kc3 Bd5 49. Bxd5 exd5 50. Kd4
$10) 47. Ra6+ Ke7 48. Kd2 Rc2+ 49. Ke3 Ra2 50. Ra5 a3 (50... Kd6 51. d4 exd4+
52. Kxd4 $15) 51. Rxe5+ Kd6 52. Kd4 Re2 53. Ra5 a2 54. Ra6+ Kc7 55. Bd5 $1 {
This should save the day, since all R endings are drawn.} Bxd5 56. Kxd5 Rc2 57.
d4 Kb7 58. Ra4 Kb6 59. Ra8 Kb5 60. Kd6 $4 (60. Ke5 Kb4 61. d5 Kb3 62. d6 $10)
60... Rc6+ (60... Rc6+ 61. Ke7 Ra6 $19) 0-1

[Event "RUS Cup final 4th"]
[Site "Elista"]
[Date "2000.08.21"]
[Round "3"]
[White "Najer, Evgeniy"]
[Black "Bocharov, Dmitry"]
[Result "1-0"]
[WhiteElo "2597"]
[BlackElo "2438"]
[Annotator "Ftacnik,L"]
[PlyCount "47"]
[EventDate "2000.08.19"]
[EventType "tourn"]
[EventRounds "11"]
[EventCountry "RUS"]
[EventCategory "12"]
[SourceTitle "CBM 079"]
[Source "ChessBase"]
[SourceDate "2000.11.21"]
[SourceVersion "1"]
[SourceVersionDate "2000.11.21"]
[SourceQuality "1"]

1. e4 c5 2. Nc3 e6 3. Nf3 Nc6 4. d4 cxd4 5. Nxd4 Qc7 6. Be2 a6 7. O-O Nf6 8.
Be3 Be7 9. f4 d6 10. a4 O-O 11. Kh1 Re8 12. a5 $5 Nxa5 (12... e5 13. Nxc6 Qxc6
14. Ra4 Bd8 15. f5 Qc7 16. Bg5 Bd7 17. Bxf6 Bxf6 18. Nd5 Qd8 19. Ra3 Bc6 {
1/2-1/2 Goloshchapov,A-Kempinski,R/Zagan/1997/ (89)}) 13. e5 dxe5 (13... Nd5
14. Nxe6 Bxe6 (14... fxe6 15. Nxd5 exd5 16. Qxd5+ Kh8 17. Qxa5 Qxc2 18. Bh5 Rf8
19. Rac1 Qd3 20. Qc7 Bd8 {1-0 Kasperek,R-Lopusiewicz,P/Polanica Zdroj/1999/ 
(20)}) 15. Nxd5 Bxd5 16. Qxd5 Nc6 (16... b5 17. e6 fxe6 18. Qxe6+ Kh8 19. Bh5 {
1-0 Goloshchapov,A-Karner,C/Zagan/1997/ (19)}) 17. Bc4 (17. e6 Bf6 18. f5 fxe6
19. fxe6 Nb4 20. Qd2 Qxc2 21. Bh5 Rxe6 (21... Qxd2 22. Bxd2 Nd3 23. Bf7+ Kf8
24. Ra3 Ne5 25. Bxe8 Kxe8 26. Rh3 {1/2-1/2 Moroz,A-Mirovshchikov,S/Pardubice/
2000/ (57)}) 22. Qxb4 Rxe3 23. Qxb7 Rf8 24. Qd5+ Kh8 25. Qxd6 Qc8 26. Qxa6 {
1/2-1/2 Arzumanian,G-Vorobiov,E/Kharkov/2000/ (26)}) 17... Rf8 (17... dxe5 18.
Qxf7+ Kh8 19. Bd3 Qd6 20. Bxh7 Qh6 (20... Kxh7 21. Rf3 Bh4 22. Rh3 Qf6 23. Qh5+
Qh6 24. Qg4 Kg8 25. Rxh4 Qf6 26. f5 {1-0 Reinderman,D-Arlandi,E/Mondariz/2000/
(29)}) 21. Bd3 Bh4 22. f5 Qxe3 23. f6 Bxf6 24. Rxf6 {1-0 Jakovenko,
D-Voitsekhovsky,S/Moscow/2000/ (24)}) 18. e6 fxe6 19. Qxe6+ Kh8 20. Bd3 d5 21.
Qh3 h6 22. Bd2 Rf6 23. Rae1 {1-0 Kuzmin,G-Dydyshko,V/Swidnica/1997/ (32)}) (
13... Nd7 14. exd6 Bxd6 15. Ndb5 axb5 16. Nxb5 Qb8 17. Qxd6 b6 18. Bf3 Ra6 19.
Qxb8 Nxb8 20. Nc7 {1-0 Kamm,G-Kick,J/Bad Wiessee 1999 (20)}) 14. fxe5 Nd7 $6 {
This peaceful retreat is just too slow in this dangerous position. White has
enough time to beenefit from the poor coordination of black pieces.} (14...
Qxe5 $142 $5 15. Bf4 Qc5 16. Na4 Qa7 17. Bc7 b5 (17... Nc6 18. Nb6 Nxd4 19.
Qxd4 Bd7 20. Qf4 Bc6 21. Nxa8 Qxa8 22. Bf3 {1-0 Volokitin,A-Gashimov,V/Artek/
2000/ (35)}) 18. Nb6 (18. Bxa5 bxa4 19. Bf3 Bb7 20. Nc6 Qe3 21. Rxa4 Bf8 22.
Bc3 Qc5 23. Bd4 Qd6 {0-1 Klovans,J-Palac,M/Biel/1997/ (31)}) 18... Rb8 (18...
Qxc7 19. Nxa8 Qd8 20. Rxa5 Bb7 21. Bf3 Nd5 22. Qa1 Bd6 23. Rxa6 {1-0 Moroz,
A-Savchenko,S/Ordzhonikidze/2000/ (75)}) 19. Bxb8 Qxb6 20. Be5 Nc4 21. Bxc4
bxc4 {1/2-1/2 Berndt,S-David,A/Germany/2000/ (43)}) 15. Bf4 (15. Bh5 g6 16. Qf3
Nxe5 17. Qg3 Nac4 18. Bf4 Qc5 19. Nb3 Qc7 20. Rae1 Bf6 21. Nd4 Qd8 {0-1
Balashov,A-Sazonova,E/Moscow/1998/ (38)}) (15. Bd3 g6 16. Bf4 (16. Qf3 Rf8 17.
Qg3 Nc6 18. Nxc6 bxc6 19. Bf4 Nc5 20. b4 Nxd3 21. cxd3 c5 22. Ne4 Bb7 23. Nf6+
Bxf6 24. exf6 Qc6 {0-1 Varavin,V-Tunik,G/Samara/2000/ (40)}) 16... Nc6 17. Nd5
Qd8 18. Nxc6 bxc6 19. Nxe7+ Qxe7 20. Qg4 a5 21. Bg5 Qf8 22. Qf4 {1-0 Ricardi,
P-Fiorito,F/Villa Martelli/1998/ (30)}) (15. Qe1 Nxe5 16. Qg3 Bd8 17. Bf4 f6
18. Nf3 Nac6 19. Bb5 Bd7 20. Rfd1 Qc8 21. Bxc6 Nxc6 22. Ne4 {1-0 Najer,
E-Evelev,V/Moscow/1999/ (49)}) 15... b6 16. Nd5 $1 exd5 (16... Qb7 17. Nxe7+
Rxe7 18. Bf3 $18) (16... Qc5 17. b4 (17. Nxe7+ Rxe7 18. Bf3 Nb7 (18... Bb7 19.
Rxa5 $1 $16) 19. Nc6 $36) 17... Qxd5 18. Bf3 Qc4 19. bxa5 Bc5 20. Nxe6 $1 $16)
17. e6 Qb7 (17... Qxf4 18. Rxf4 Nf6 19. exf7+ Kxf7 20. Nc6 $18) 18. exf7+ Kxf7
19. Bxa6 $3 {[%mdl 128] Excellent tactical shot opening the diagonal d1-h5 for
white queen. Najer will get the rook e8 and keep all attacking chances.} Rxa6 (
19... Qxa6 20. Qh5+ Kg8 21. Qxe8+ Bf8 22. Be5 Bb7 23. Rxf8+ Nxf8 24. Qe7 $18)
20. Qh5+ Kg8 (20... g6 21. Qxh7+ Kf6 22. Bg3+ Kg5 23. Qh4#) (20... Kf8 21. Ne6+
Kg8 22. Qxe8+ Nf8 23. Bd6 Bxe6 24. Rxf8+ Bxf8 25. Qxf8#) 21. Qxe8+ Nf8 (21...
Bf8 22. Bd6 h6 23. Rxf8+ Nxf8 24. Rf1 $18) 22. Bg5 Bc5 (22... Bf6 23. Bxf6 Qd7
24. Rae1 gxf6 25. Rxf6 $18) 23. Rxf8+ $1 Bxf8 24. Rf1 1-0

[Event "Bundesliga 0405"]
[Site "Germany"]
[Date "2004.11.27"]
[Round "3.1"]
[White "Nisipeanu, Liviu Dieter"]
[Black "Oral, Tomas"]
[Result "1-0"]
[WhiteElo "2687"]
[BlackElo "2565"]
[Annotator "Ftacnik,L"]
[PlyCount "55"]
[EventDate "2004.11.12"]
[EventType "team-tourn"]
[EventRounds "15"]
[EventCountry "GER"]
[SourceTitle "CBM 105"]
[Source "ChessBase"]
[SourceDate "2005.04.11"]
[SourceVersion "1"]
[SourceVersionDate "2005.04.11"]
[SourceQuality "1"]
[WhiteTeam "Kreuzberg"]
[BlackTeam "Stuttgart"]
[WhiteTeamCountry "GER"]
[BlackTeamCountry "GER"]

1. e4 c5 2. Nf3 e6 3. Nc3 Nc6 4. Be2 a6 5. d4 cxd4 6. Nxd4 Qc7 7. O-O Nf6 8.
Be3 d6 9. a4 Be7 10. f4 O-O 11. Kh1 Re8 12. Bd3 Nb4 13. a5 Bd7 14. Qf3 Rac8 15.
Qg3 Nh5 16. Qh3 $5 $146 {Nisipeanu decides to try storming black's kingside
position, for that purpose queen is willing to occupy exposed square.} (16. Qe1
e5 17. Nde2 exf4 18. Nxf4 Nxf4 19. Rxf4 Bg5 20. Bb6 Qb8 21. Rf1 Re6 22. Qf2 Rf6
23. Qg3 Rg6 {Ye Jiangchuan-Wang Rui/Yongchuan 2003/ 1/2-1/2 (38)}) (16. Qf2 Nf6
17. h3 e5 18. fxe5 dxe5 19. Nf5 Bxf5 20. Qxf5 Nxd3 21. cxd3 Bb4 22. Bg5 Bxc3
23. Bxf6 Bd2 24. Rad1 Bb4 25. Qg4 g6 26. Rf5 Qd7 27. Qh4 Rc6 {Thipsay,P-Nolte,
R/Calcutta 2001/ (37)}) 16... Nxf4 17. Bxf4 e5 18. Nf5 (18. Qh5 g6 19. Qf3 exd4
20. Nd5 Nxd5 21. exd5 f5 $11) 18... exf4 (18... Bxf5 19. Qxf5 exf4 20. Rxf4 Rf8
21. Raf1 $14) 19. Rxf4 Bg5 {Oral is playing with fire, but he was probably too
scared to contemplate the brave 19...Bf6!? with possible equality.} (19... Bf6
$5 20. Nd5 Nxd5 21. exd5 Bxb2 22. Ne7+ Kf8 23. Raf1 Rxe7 24. Qxh7 f6 25. Qh8+
Kf7 26. Qh5+ Kf8 $11) 20. Qg3 Bxf5 (20... h6 21. h4 Bxf5 22. hxg5 Bg6 23. gxh6
$16) 21. Rxf5 (21. Qxg5 Be6 22. Rf2 $11) 21... Bd2 (21... h6 22. Raf1 Re7 23.
R5f2 Kh8 24. h4 Bf6 25. Rxf6 gxf6 26. Qf4 $16) 22. Raf1 (22. Nd5 Nxd5 23. Rxd5
Re5 24. c3 $14) 22... Re7 23. Qh4 $6 (23. Nd1 $5 g6 24. R5f2 $14) 23... Rce8 $2
{[%mdl 128] Both players have delivered second hand moves, but black's
ommission was much more serious. Nisipeanu will now fullfil his dream of
successful attack.} (23... Bxc3 $5 24. bxc3 Nc6 25. e5 (25. Bc4 Ne5 26. Bd5
Rce8 $15) 25... g6 26. exd6 Qxd6 27. Qg5 Ne5 $15) 24. e5 $1 Bxc3 (24... Nxd3
25. Nd5 Qd8 26. Nxe7+ Qxe7 27. Qxe7 Rxe7 28. exd6 Rd7 29. Rd1 $18) (24... dxe5
25. Qxb4 $18) 25. exd6 Qxd6 (25... Be1 26. Qxe7 Qxe7 27. dxe7 $18) 26. Rd5 Qg6
(26... Qh6 27. Qxe7 $18) 27. Bxg6 (27. Qxe7 $18) 27... hxg6 28. Rd8 $1 (28. Rd8
$1 g5 29. Rxe8+ Rxe8 30. Qc4 $18) 1-0